书目信息 |
| 题名: |
萨马兰奇传
|
|
| 作者: | 周阿堡 著 | |
| 分册: | ||
| 出版信息: | 北京 华夏出版社 2006 |
|
| 页数: | 477页 | |
| 开本: | 24cm | |
| 丛书名: | ||
| 单 册: | ||
| 中图分类: | K835.515.47=6 | |
| 科图分类: | ||
| 主题词: | ||
| 电子资源: | ||
| ISBN: | 7-5080-4004-X | |
| 000 | 00929nam0 2200253 45 | |
| 001 | 1130216125 | |
| 005 | 20110309143211.78 | |
| 010 | @a7-5080-4004-X@dCNY48.00 | |
| 100 | @a20110122d2006 em y0chiy50 ea | |
| 101 | 0 | @achi |
| 102 | @aCN@b110000 | |
| 105 | @aa z 000yb | |
| 106 | @ar | |
| 200 | 1 | @a萨马兰奇传@ASa Ma Lan Qi Zhuan@dBiography of Juan Antonio Samaranch@f周阿堡著@FZhou A Bao Zhu@zeng |
| 210 | @a北京@c华夏出版社@d2006 | |
| 215 | @a477页@c照片@d24cm | |
| 330 | @a本书以东方人的视角和思维多侧面、多角度地再现这位体育王国领袖的传奇人生。介绍了他的少年时代、情感经历、家庭生活等。 | |
| 510 | 1 | @aBiography of Juan Antonio Samaranch@zeng |
| 600 | 1 | @a萨马兰奇@c(Samaranch, Juan Antonio@f1920- )@x传记 |
| 600 | 1 | @a萨马兰奇@c(Samaranch, Juan Antonio@f1920- ) |
| 690 | @aK835.515.47=6@v4 | |
| 701 | 0 | @a周阿堡@AZhou A Bao@4著 |
| 801 | 0 | @aCN@bTANGWEI@c20110309 |
| 905 | @b0530584-88@dK835.515.47=6@e698@f5 | |
| 萨马兰奇传=Biography of Juan Antonio Samaranch/周阿堡著.-北京:华夏出版社,2006 |
| 477页:照片;24cm |
| ISBN 7-5080-4004-X:CNY48.00 |
| 本书以东方人的视角和思维多侧面、多角度地再现这位体育王国领袖的传奇人生。介绍了他的少年时代、情感经历、家庭生活等。 |
| ● |
| 相关链接 |
|
|
|
|
正题名:萨马兰奇传
索取号:K835.515.47=6/698
 
预约/预借
| 序号 | 登录号 | 条形码 | 馆藏地/架位号 | 状态 | 备注 |
| 1 | 0530584 | 205305846 | 第二样本阅览室/ [索取号:K835.515.47=6/698] | 在馆 | |
| 2 | 0530585 | 205305855 | 第二借阅区/ [索取号:K835.515.47=6/698] | 在馆 | |
| 3 | 0530586 | 205305864 | 第二借阅区/ [索取号:K835.515.47=6/698] | 在馆 | |
| 4 | 0530587 | 205305873 | 第二借阅区/ [索取号:K835.515.47=6/698] | 在馆 | |
| 5 | 0530588 | 205305882 | 第二借阅区/ [索取号:K835.515.47=6/698] | 在馆 |